000 00275nam a2200109Ia 4500
008 220204s9999 xx 000 0 und d
082 _a330.142.211
_bCAP
245 0 _aCapital investment. Pt 1 & 2
260 _aUSA
_bHarward
_c1965
650 _aCapital investment
942 _cBK
999 _c37266
_d37266